[Event "Medellin Aristizabal Cup"]
[Site "Medellin"]
[Date "2022.07.11"]
[Round "6"]
[White "Larrea Munera, Johan Darwin"]
[Black "Gomez, Nicolas de Jesus"]
[Result "1/2-1/2"]
[WhiteElo "1372"]
[BlackElo "1698"]
[PlyCount "109"]
[EventDate "2022.07.08"]
[EventType "swiss"]
[EventRounds "7"]
[EventCountry "COL"]
[SourceTitle "CBM 209 Extra"]
[Source "ChessBase"]
[SourceDate "2022.09.30"]
[SourceVersion "1"]
[SourceVersionDate "2022.09.30"]
[SourceQuality "1"]

1. e4 c6 2. d4 d5 3. exd5 cxd5 4. Nf3 Nc6 5. Bd3 Bg4 6. c3 e6 7. 0-0 Bd6 8. Nbd2 Nf6 9. Re1 Rc8 10. Nf1 Qc7 11. h3 Bh5 12. Bg5 0-0 13. Be2 Ne4 14. Bh4 Ne7 15. N3d2 Bxe2 16. Qxe2 Nxd2 17. Nxd2 Ng6 18. Bg5 h6 19. Be3 Nf4 20. Qg4 f5 21. Qh4 Nd3 22. Re2 f4 23. Qg4 Rce8 24. Qg6 fxe3 25. Qxd3 exd2 26. Qxd2 Rf6 27. Rae1 Ref8 28. Qc2 Qf7 29. Rf1 Bb8 30. c4 Qc7 31. g3 Qxc4 32. Qxc4 dxc4 33. Rfe1 Kh7 34. f4 Kg6 35. Rxe6 Rxe6 36. Rxe6+ Rf6 37. Re7 Rb6 38. Re2 Kf6 39. Kf2 Bd6 40. d5 Bc5+ 41. Kf3 Ra6 42. h4 h5 43. b3 b5 44. Rc2 cxb3 45. axb3 Bb4 46. Ke4 Rd6 47. Rc8 Be1 48. Rf8+ Ke7 49. Rf5 Rg6 50. Rxh5 Rxg3 51. d6+ Kxd6 52. Rxb5 Rg4 53. h5 Bh4 54. Ra5 Kc6 55. Rxa7 1/2-1/2

[Event "Medellin Easter op 10th"]
[Site "Medellin"]
[Date "2022.04.13"]
[Round "1"]
[White "Valle, Efrain"]
[Black "Larrea Munera, Johan Darwin"]
[Result "1-0"]
[WhiteElo "2008"]
[BlackElo "1381"]
[PlyCount "57"]
[EventDate "2022.04.13"]
[EventType "swiss"]
[EventRounds "8"]
[EventCountry "COL"]
[SourceTitle "CBM 207 Extra"]
[Source "ChessBase"]
[SourceDate "2022.05.31"]
[SourceVersion "1"]
[SourceVersionDate "2022.05.31"]
[SourceQuality "1"]

1. e4 e5 2. Nf3 Nc6 3. Bb5 f5 4. d4 Nf6 5. dxe5 Nxe4 6. 0-0 Bc5 7. Nc3 Ne7 8. Nxe4 fxe4 9. Ng5 0-0 10. Bc4+ Kh8 11. Nxh7 Rf5 12. Ng5 g6 13. Qg4 Kg7 14. Qxe4 Nc6 15. Nf3 d6 16. b4 Nxb4 17. exd6 Bxd6 18. Bb2+ Kh7 19. Qd4 Qf8 20. Qh4+ Rh5 21. Qf6 Qxf6 22. Bxf6 Nxc2 23. Rac1 Nb4 24. Ng5+ Kh6 25. Nf7+ Kh7 26. Nxd6 cxd6 27. Rfe1 Nc6 28. Re8 g5 29. Bd3+ 1-0

[Event "Medellin Aristizabal Cup"]
[Site "Medellin"]
[Date "2020.11.22"]
[Round "6"]
[White "Gomez Rondon, Samuel"]
[Black "Larrea Munera, Johan Darwin"]
[Result "0-1"]
[WhiteElo "1737"]
[BlackElo "1309"]
[PlyCount "55"]
[EventDate "2020.11.18"]
[EventType "swiss"]
[EventRounds "7"]
[EventCountry "COL"]
[SourceTitle "CBM 199 Extra"]
[Source "ChessBase"]
[SourceDate "2021.01.31"]
[SourceVersion "1"]
[SourceVersionDate "2021.01.31"]
[SourceQuality "1"]

1. e4 e5 2. Nf3 Nc6 3. Bb5 f5 4. exf5 e4 5. Qe2 Qe7 6. Bxc6 bxc6 7. Nd4 c5 8. Nb5 d5 9. N1c3 Nf6 10. d3 c6 11. Na3 Bxf5 12. Bg5 exd3 13. Qxe7+ Bxe7 14. cxd3 0-0 15. 0-0-0 h6 16. Rhe1 Rfe8 17. Bf4 Nh5 18. Bd2 d4 19. Ne4 Nf6 20. Nc4 Nxe4 21. dxe4 Be6 22. b3 Bxc4 23. bxc4 Reb8 24. Kc2 Rb6 25. Rb1 Rab8 26. Ba5 d3+ 27. Kxd3 Rxb1 28. Re3 0-1

[Event "Medellin Aristizabal Cup"]
[Site "Medellin"]
[Date "2020.11.20"]
[Round "3"]
[White "Larrea Munera, Johan Darwin"]
[Black "Perez Arroyave, Damian"]
[Result "1/2-1/2"]
[WhiteElo "1309"]
[BlackElo "1845"]
[PlyCount "77"]
[EventDate "2020.11.18"]
[EventType "swiss"]
[EventRounds "7"]
[EventCountry "COL"]
[SourceTitle "CBM 199 Extra"]
[Source "ChessBase"]
[SourceDate "2021.01.31"]
[SourceVersion "1"]
[SourceVersionDate "2021.01.31"]
[SourceQuality "1"]

1. e4 e5 2. Nf3 Nc6 3. Bc4 Nf6 4. Nc3 Bb4 5. d3 d6 6. Bg5 0-0 7. a3 Ba5 8. b4 Bb6 9. Nd5 Bg4 10. h3 Bh5 11. Nxf6+ gxf6 12. Bh6 Re8 13. g4 Bg6 14. h4 Qd7 15. Rg1 d5 16. Bxd5 Ne7 17. Bb3 Qc6 18. Qe2 Qc3+ 19. Qd2 Qxa1+ 20. Ke2 Qxa3 21. h5 Bxe4 22. dxe4 Rad8 23. Qc3 Qa6+ 24. Bc4 Qa4 25. g5 f5 26. Bb3 Qb5+ 27. Bc4 Bd4 28. Bxb5 Bxc3 29. Bxe8 Rxe8 30. g6 fxg6 31. Ng5 fxe4 32. Nxe4 Nd5 33. Rd1 c6 34. b5 Ba5 35. c4 Nf4+ 36. Kf3 Rd8 37. Rxd8+ Bxd8 38. Bxf4 exf4 39. Nc5 1/2-1/2

[Event "Antioquia op"]
[Site "Antioquia"]
[Date "2020.03.06"]
[Round "5"]
[White "Larrea Munera, Johan Darwin"]
[Black "Bossa Osorio, Eduardo"]
[Result "0-1"]
[WhiteElo "1406"]
[BlackElo "1146"]
[PlyCount "66"]
[EventDate "2020.03.03"]
[EventType "swiss"]
[EventRounds "9"]
[EventCountry "COL"]
[SourceTitle "CBM 195 Extra"]
[Source "ChessBase"]
[SourceDate "2020.05.31"]
[SourceVersion "1"]
[SourceVersionDate "2020.05.31"]
[SourceQuality "1"]

1. e4 e5 2. Nf3 Nc6 3. Bc4 Bc5 4. c3 Nf6 5. d3 0-0 6. Bg5 d6 7. Nbd2 Be6 8. Bb5 a6 9. Ba4 b5 10. Bc2 Re8 11. 0-0 d5 12. Re1 Be7 13. exd5 Qxd5 14. Nf1 Nd7 15. Bxe7 Nxe7 16. Ne3 Qd6 17. Qe2 Nf5 18. Rad1 c5 19. d4 exd4 20. Bd3 c4 21. Be4 Nxe3 22. fxe3 Bd5 23. Bxd5 Qxd5 24. Rxd4 Qe6 25. Qc2 Nc5 26. Re2 Rad8 27. Rh4 Nd3 28. Nd4 Qf6 29. Rh3 Re7 30. Rf3 Qg6 31. b3 Ne5 32. Qxg6 Nxf3+ 33. gxf3 hxg6 0-1

[Event "Antioquia op"]
[Site "Antioquia"]
[Date "2020.03.04"]
[Round "3"]
[White "Larrea Munera, Johan Darwin"]
[Black "Cordoba Roa, Angel Gabriel"]
[Result "0-1"]
[WhiteElo "1406"]
[BlackElo "1792"]
[PlyCount "93"]
[EventDate "2020.03.03"]
[EventType "swiss"]
[EventRounds "9"]
[EventCountry "COL"]
[SourceTitle "CBM 195 Extra"]
[Source "ChessBase"]
[SourceDate "2020.05.31"]
[SourceVersion "1"]
[SourceVersionDate "2020.05.31"]
[SourceQuality "1"]

1. e4 c5 2. Nc3 Nc6 3. f4 g6 4. Nf3 Bg7 5. Bc4 e6 6. d3 Nge7 7. 0-0 0-0 8. Qe1 d5 9. Bb3 dxe4 10. dxe4 b6 11. Qh4 Ba6 12. Re1 c4 13. Ba4 Bxc3 14. bxc3 b5 15. f5 f6 16. Bh6 exf5 17. Bxf8 Qxf8 18. exf5 Nxf5 19. Qe4 Rc8 20. Qd5+ Qf7 21. Qxf7+ Kxf7 22. Bxb5 Bxb5 23. Red1 Rc7 24. Rd5 a6 25. Nd4 Nfxd4 26. cxd4 Nb4 27. Rd8 Nxc2 28. Rc1 Nb4 29. a3 Nd3 30. Rc3 Nf4 31. Kf2 Ne6 32. Rd6 Ke7 33. Rd5 Nf4 34. Rc5 Rxc5 35. dxc5 Nd3+ 36. Ke3 Nxc5 37. Kd4 Kd6 38. Rf3 Ne6+ 39. Kc3 f5 40. Rh3 h5 41. Rg3 g5 42. a4 Bxa4 43. Kxc4 Bc6 44. Kb4 f4 45. Rd3+ Ke5 46. g3 f3 47. Rd2 0-1

[Event "Medellin Aristizabal Cup"]
[Site "Medellin"]
[Date "2019.06.24"]
[Round "6"]
[White "Ospina Betancur, Santiago"]
[Black "Larrea Munera, Johan Darwin"]
[Result "0-1"]
[WhiteElo "1225"]
[BlackElo "1300"]
[PlyCount "78"]
[EventDate "2019.06.21"]
[EventType "swiss"]
[EventRounds "7"]
[EventCountry "COL"]
[SourceTitle "EXT 2020"]
[Source "ChessBase"]
[SourceDate "2019.10.17"]
[SourceVersion "1"]
[SourceVersionDate "2019.10.17"]
[SourceQuality "1"]

1. d4 d5 2. Bf4 Nf6 3. e3 e6 4. Nf3 Bd6 5. Bg5 h6 6. Bh4 c5 7. c3 0-0 8. Nbd2 Re8 9. Qc2 Nbd7 10. Bg3 Qc7 11. b3 b6 12. Bd3 Bb7 13. 0-0-0 a5 14. Rde1 Bc6 15. a4 Reb8 16. c4 e5 17. Nxe5 Nxe5 18. dxe5 Bxe5 19. cxd5 Bxd5 20. f4 Bd6 21. e4 Bxf4 22. exd5 Bxg3 23. hxg3 Qxg3 24. Be4 Re8 25. Rh3 Qxe1+ 26. Kb2 Nxe4 27. Nc4 Nf2 28. Rd3 Nxd3+ 29. Qxd3 Re2+ 30. Qxe2 Qxe2+ 31. Kc3 Re8 32. d6 Qe1+ 33. Nd2 Re2 34. d7 Qxd2+ 35. Kc4 Re4+ 36. Kb5 Qxd7+ 37. Ka6 Qc6 38. b4 Re8 39. b5 Ra8# 0-1